000 00433nam a2200145Ia 4500
008 100204s9999 xx 000 0 und d
082 _b11666
100 _aदेशपांडे शशिकांत
245 _aतृषार्त
260 _b"अंजली प्रकाशन, पुणे"
_c1988
300 _a124
630 _aतृषार्त
730 _aतृषार्त
942 _cBOOK
999 _c456102
_d456099